| 000 | 00465nam a2200181Ia 4500 | ||
|---|---|---|---|
| 001 | 18657 | ||
| 005 | 20260306171646.0 | ||
| 008 | 260306s9999||||xx |||||||||||||| ||und|| | ||
| 041 | _aESP | ||
| 082 |
_a658.4095 _bS38 2005 |
||
| 100 |
_aSenge M., Peter _eAUT |
||
| 245 | 0 |
_aLa quinta disciplina: _bcómo impulsar el aprendizaje en la organización inteligente |
|
| 260 | _c2005 | ||
| 300 |
_a _c |
||
| 650 | _aGEN | ||
| 654 | _aCAN | ||
| 942 |
_cLIB _dJUS _fJUS _2ddc _n |
||
| 999 |
_c18657 _d18657 |
||